[Event "ITT Vicente Lopez"]
[Site "Villa Martelli"]
[Date "2006.07.24"]
[Round "1"]
[White "Granara Barreto, Sebastian"]
[Black "COMP ZAP!Chess"]
[Result "0-1"]
[WhiteElo "2273"]
[BlackElo "2600"]
[Annotator "Roberto G Alvarez"]
[PlyCount "56"]
[EventDate "2006.07.24"]

1. d4 Nf6 2. Nf3 e6 3. g3 d5 4. Bg2 Be7 5. O-O O-O 6. c4 dxc4 7. Ne5 Nc6 {
Ha quedado planteada una variante muy usual de la Apertura Catalana.} 8. Bxc6 (
{Tambien se ha jugado} 8. Nxc6 bxc6 9. e3 $5) 8... bxc6 9. Nxc6 Qe8 10. Nxe7+
Qxe7 11. Qc2 {Con idea de capturar un peon, pero las blancas, que han perdido
su importante alfil de casillas blancas, estan retrasadas en desarrollo.} ({
La practica magistral ofrece muchos ejemplos con} 11. Qa4 e5 (11... Qd6 12. Rd1
Ba6 13. Nc3 Qb6 14. Bg5 Nd5 15. e4 f6 16. Bd2 Nb4 17. Be3 Rfb8 18. Rab1 Qc6 19.
Qxc6 Nxc6 20. d5 exd5 21. Nxd5 Rb7 22. Bf4 Rc8 23. Rd2 Kf7 24. h4 Rd8 25. Rbd1
Rd7 26. f3 Nb8 27. Nc3 Rd3 28. Rxd3 cxd3 29. Na4 Nd7 30. b3 c5 31. Nb2 Nb6 32.
Nxd3 Rd7 33. Nb2 Rxd1+ 34. Nxd1 Be2 35. Nc3 Bxf3 36. Kf2 Bh1 37. Ke3 Ke6 38. g4
Nd7 39. Nd1 Bg2 40. Nf2 Bf1 41. g5 Bb5 42. Bc7 Bf1 43. Nd1 fxg5 44. hxg5 h6 45.
gxh6 gxh6 46. Nc3 Nf6 47. Na4 Nd7 48. Kf4 Bd3 49. Nc3 Nf6 50. Bb8 a6 {
1/2-1/2 Markowski,T-Fedorchuk,S/Ohrid 2001 (50)}) (11... a5 12. Qxc4 Ba6 13.
Qc2 Rfd8 14. Rd1 c5 15. dxc5 Rxd1+ 16. Qxd1 Qxc5 17. Nc3 Ng4 18. Qf1 Bb7 19. h3
Ne5 20. Bf4 Nc4 21. b3 Ne3 22. Bxe3 Qxc3 23. Qd1 Qe5 24. Qd4 Qh5 25. Qg4 Qd5
26. f3 Rc8 27. Kf2 Ba6 28. Qd4 {1/2-1/2 Pigusov,E-Soppe,G/Merida 2002 (28)})
12. dxe5 Qxe5 13. Qxc4 Be6 14. Qd3 Rad8 15. Qe3 Qa5 16. Qa3 Qb6 $146 17. Be3
Qb7 18. f3 Rfe8 19. Re1 Bh3 20. Bf2 Ng4 21. Qb3 Qc6 22. Qc3 Qb7 23. Nd2 Rd6 24.
Bc5 Rc6 25. Rac1 h6 26. b4 $14 {
Gurevich,D-Kiriakov,P/Minneapolis 2005/Inf 93 (26)}) (11. Na3 {Kostakiev} 11...
e5 12. dxe5 Qxe5 13. Nxc4 Qh5 14. Ne3 (14. h4 Qg4 {
1/2-1/2 Andrews,S-Arganian,D/East Lansing 1991/EXT 2003 (35)}) 14... Bh3 {
1-0 Lematschko,T-Kas Fromm,R/Graz 1991/EXT 97 (36)}) (11. b3 {Kostakiev} 11...
cxb3 12. Ba3 Qd7 {1/2-1/2 Partanen,J-Koskinen,H/Finland 1999/EXT 2000 (23)})
11... c5 {
Buena jugada, que permite a las negras abrir columnas para sus piezas pesadas.}
(11... Ba6 12. Bg5 Rab8 13. Nc3 h6 14. Bxf6 Qxf6 15. Rad1 Rfd8 16. Qa4 Rb6 17.
Ne4 Qe7 18. Nc5 Bb5 19. Qa3 c3 20. Rfe1 cxb2 21. Rd2 Bxe2 22. Rxb2 Bc4 23. Rd2
Ra6 24. Qe3 Rxa2 25. Rxa2 Bxa2 26. Ra1 Bc4 27. Ra4 Bb5 28. Rxa7 Qf6 29. Qe5 Qf3
{0-1 Doehring,J-Malek,D/Dotzheim 2002 (29)}) 12. Qxc4 (12. dxc5 Qxc5 13. Be3
Qh5 14. f3 Ba6 15. Nc3 Bb7 16. Rad1 Qh3 17. Rd4 e5 18. Rh4 Qe6 19. Bg5 h6 20.
Bxf6 Qxf6 21. Rxc4 Rfd8 22. Rb4 Qe7 23. Qb3 Bc6 24. a3 Qc5+ 25. Kg2 Qe3 26. Qc4
Rac8 27. Qa6 Rc7 28. Rc4 Rd6 29. Qa5 Rcd7 30. Qc5 Qg5 31. Ne4 Bxe4 32. Rxe4 Rd5
33. Qc8+ Kh7 34. Qc1 Rd2 35. h4 Qf6 36. Qb1 g6 37. Rc1 Qa6 38. Rc2 Rd1 39. Qa2
Qb6 40. e3 Qf6 41. b4 Rf1 42. Rf2 Rfd1 43. Qb2 R7d5 44. Rc4 Qe6 45. Rc1 R1d3
46. Rc3 Rd1 47. e4 R5d4 48. Qb3 Qd7 49. Rc5 R4d3 50. Qc2 R3d2 {
0-1 Heikkila,A-Sammalvuo,T/Kankaanpaa 1999/EXT 2002 (50)}) 12... cxd4 13. Qxd4
Rd8 14. Qh4 Rb8 $44 {Ribli Las negras tienen amplia compensacion por el peon
sacrificado. Basta con observar el flanco dama de las blancas...} 15. Bg5 $6
$146 {Una novedad, pero no del todo buena, ya que las negras van a recuperar
su peon con alguna ventaja.} (15. Nc3 Rb4 16. Qg5 e5 17. e4 h6 18. Qh4 Rd3 19.
a3 Rc4 20. h3 Bb7 21. f3 Qc5+ 22. Kh1 Rcxc3 23. bxc3 Rxf3 24. Rxf3 Bxe4 25. Kg2
Bxf3+ 26. Kxf3 Qxc3+ 27. Be3 Qxa1 28. Qb4 Qf1+ {
0-1 Baumgartner,H-Klovans,J/Bad Wildbad 1997/EXT 99 (28)}) ({Lo mejor es} 15.
b3 $142 Ba6 16. Nc3 (16. Ba3 {Kortschnoj} 16... Qc7 17. Rc1 Qe5 18. Nc3 Rd4 19.
Qh3 Bb7 20. Qf1 h5 21. f3 Rc8 22. Qe1 h4 {
1/2-1/2 Vasovski,N-Bojkovic,N/Skopje MKD 2002/T (38)}) 16... Qc5 17. Ne4 Nxe4
18. Qxe4 Rb4 19. Qe3 Qc2 20. Ba3 Re4 21. Rfc1 Qxe2 {
1/2-1/2 Krasenkow,M-Ribli,Z/Germany 1998/GER-chT (21)}) 15... Rb4 16. e4 $6 ({
Probablemente habia que decidirse por} 16. Bxf6 gxf6 17. Qh6 Rxb2 {
aunque la posicion es desagradable para las blancas.}) 16... Ba6 17. Re1 (17.
Rc1 {directamente, controlando la casilla c5, era algo mejor.}) 17... Rxb2 18.
Bxf6 Qxf6 19. Qxf6 gxf6 20. Rc1 Bb7 21. Nc3 Rdd2 {
La ventaja de las negras es decisiva.} 22. Na4 Rbc2 23. Nc5 Ba8 24. Rab1 Bc6
25. Nb3 (25. Rxc2 Rxc2 26. Na6 Bxe4 {ganando.}) 25... Rxf2 26. Rxc2 Rxc2 27.
Nd4 {#} 27... Rg2+ $1 {Un bonito golpe que obliga a las blancas a rendirse.}
28. Kf1 ({Si} 28. Kxg2 Bxe4+ 29. Kf2 Bxb1 30. Nb5 {Las negras quedan con dos
peones de ventaja y la victoria es cuestion de tecnica.}) 28... Bxe4 0-1

[Event "ITT Vicente Lopez"]
[Site "Villa Martelli"]
[Date "2006.07.25"]
[Round "2"]
[White "COMP ZAP!Chess"]
[Black "De Dovitiis, Alejo"]
[Result "1-0"]
[WhiteElo "2600"]
[BlackElo "2371"]
[Annotator "Roberto G Alvarez"]
[PlyCount "49"]
[EventDate "2006.07.24"]

1. d4 Nf6 2. Bg5 e6 3. e4 d5 {
A partir de aqui, Zap!Chess quedo "fuera de libro" y comenzo a pensar.} ({
Lo usual es} 3... h6 $1 {jugado, entre otros, por Kramnik.}) 4. e5 (4. exd5
exd5 5. Nf3 Bd6 6. Be2 O-O 7. O-O Bf5 8. Re1 Nbd7 9. Nbd2 c6 10. c3 Qc7 11. Nf1
Rae8 12. Nh4 Bg4 13. f3 Be6 14. Bd3 h6 15. Bd2 c5 16. Nf5 Bxf5 17. Bxf5 cxd4
18. cxd4 Nb8 19. Bc3 Rxe1 20. Qxe1 Nc6 21. Qf2 Re8 22. Re1 Rxe1 23. Qxe1 Qb6
24. Qf2 Bb4 25. g3 Ne8 26. Bd3 Nc7 27. Kg2 Qa5 28. Qd2 Ne6 29. Bb1 Qb6 30. Ne3
Bxc3 31. Qxc3 Ne7 32. Nf5 Nxf5 33. Bxf5 g6 34. Bxe6 Qxe6 35. Qd2 {
1/2-1/2 Sibriaev,A-Ivanchuk,V/Khanty Mansiysk 2005/CBM 111 (35)}) 4... h6 5.
Be3 Nfd7 6. Nf3 (6. c3 c5 7. a3 (7. Nf3 Nc6 8. Bd3 Qb6 9. Qc1 Ndb8 10. O-O Bd7
11. dxc5 Bxc5 12. Bxc5 Qxc5 13. Nbd2 Qb6 14. Nb3 Ne7 15. Re1 Bb5 16. Bc2 Nbc6
17. Qd2 Ba4 18. Qf4 Bxb3 19. axb3 O-O 20. Ra4 f6 21. exf6 Rxf6 22. Qe3 Qxe3 23.
fxe3 Raf8 24. b4 a6 25. e4 Kh8 26. Raa1 g5 27. exd5 Nxd5 28. Be4 Nf4 29. Bxc6
bxc6 30. Ne5 Rd8 31. g3 Nd3 32. Red1 Nxe5 33. Rxd8+ Kg7 34. Rf1 Nf3+ 35. Kg2 g4
36. Rd7+ Kg6 37. Rd6 Kf5 38. Rxc6 Ke4 39. Rc4+ Ke3 40. Rxg4 e5 41. Rf4 Rxf4 42.
gxf4 e4 43. f5 Ne5 44. f6 Nf7 45. Ra1 Kd2 46. Rxa6 e3 47. Re6 e2 {
1-0 Chabanon,J-Lucchetti,P/Bescanon 1999/EXT 2000 (47)}) 7... Nc6 8. b4 cxd4 9.
cxd4 Nb6 10. Nd2 Bd7 11. Bd3 Ne7 12. Ne2 Nf5 13. O-O Be7 14. Nf4 Bg5 15. Qf3
O-O 16. Nb3 Nc4 17. Bxf5 Bxf4 18. Bc2 Bxe3 19. fxe3 Rc8 20. Rf2 f6 21. Nc5 fxe5
22. Qxf8+ Qxf8 23. Rxf8+ Kxf8 24. Nxd7+ Ke7 25. Nc5 b6 26. Na4 Nxe3 27. Bd3
exd4 28. Kf2 e5 29. Ra2 Kd6 30. Ba6 Rc1 31. Rd2 Nc4 32. Bxc4 dxc4 33. Ke2 c3
34. Rd1 Rxd1 35. Kxd1 Kd5 36. Kc2 Kc4 {
0-1 Ivanov,M-Graf,A/Dresden 2002/EXT 2003 (36)}) (6. f4 c5 7. c3 a6 8. Nf3 b5
9. Bd3 Be7 10. O-O O-O 11. Nbd2 cxd4 12. cxd4 Nb6 13. b3 b4 14. Qe1 a5 15. Qg3
Ba6 16. Bxa6 Nxa6 17. f5 Kh7 18. f6 gxf6 19. Qh3 Rh8 20. exf6 Bf8 21. Ng5+ Kg8
22. Nxf7 {1-0 Ionescu,D-Laznicka,V/Plzen 2000/EXT 2003 (22)}) 6... c5 7. c4 $5
$146 (7. c3 Nc6 8. Be2 (8. Bd3 cxd4 9. cxd4 Nb6 10. Nc3 Bd7 11. O-O Rc8 12. Nd2
Na5 13. Rc1 Qh4 14. Qe2 a6 15. Rc2 Nbc4 16. Nf3 Qd8 17. b3 Na3 18. Rcc1 b5 19.
Nb1 Nc6 20. Bd2 Nb4 21. Rxc8 Qxc8 22. Nxa3 {
1-0 Dittmar,P-Wittmann,R/Schwaebisch Gmuend 2000/CBM 074 ext (22)}) 8... cxd4
9. cxd4 Nb6 10. O-O Bd7 11. Nc3 Rc8 12. Rc1 Na5 13. Nb5 Nbc4 14. Nd6+ Nxd6 15.
exd6 Bxd6 16. Rxc8 Qxc8 17. Ne5 Nc6 18. f4 O-O 19. Qe1 f5 20. g4 fxg4 21. Nxd7
Qxd7 22. Bxg4 Ne7 23. Kh1 Nf5 24. Rg1 Rf6 25. Rf1 Kh8 26. Bxf5 Rxf5 27. Qd2 Qf7
28. Rf2 Rh5 29. Qc1 Rh3 30. Kg2 Qh5 31. Qc8+ Kh7 32. Qxe6 Rxh2+ 33. Kg1 Rh1+
34. Kg2 Re1 35. Kg3 Rg1+ 36. Rg2 Rxg2+ 37. Kxg2 Qg6+ 38. Qxg6+ Kxg6 39. Kf3 Kf5
{0-1 Schmitzer,P-Reich,T/Munich 2001/EXT 2006 (39)}) 7... cxd4 8. Bxd4 dxc4 9.
Bxc4 Nc6 10. O-O Nxd4 11. Qxd4 Qb6 12. Qd2 g5 {Las blancas tienen ventaja en
desarrollo, de modo que este ataque de flanco de las negras  tiene pocas
chancess de exito.} (12... Be7) 13. h3 Rg8 $2 (13... h5 14. Qxg5 Qxb2 15. Nbd2
Bh6 16. Qxh5 Bg7 17. Qg4 Nxe5 18. Nxe5 Bxe5 19. Ne4 $16) (13... Bg7 $5) 14. Nc3
g4 15. hxg4 Rxg4 {Las negras poco pueden hacer con solo una torre en juego, y
tienen un problema serio: su rey en el centro.} 16. Be2 $16 {
Apuntando a la torre de g4.} 16... a6 17. Rac1 h5 18. b3 h4 19. Rfd1 {
La posicion de las blancas ya es ganadora. Se amenaza Na4 seguido de Rxc8 y
Qxd7 mate.} 19... Qb4 (19... Ba3 20. Rc2 h3 21. Ne4 Kf8 22. Qh6+ $18) 20. Nb5
$1 Qxd2 21. Nc7+ Kd8 22. Nxd2 Rd4 23. Nxa8 Bh6 24. Nc4 Rxd1+ 25. Rxd1 1-0

[Event "ITT Vicente Lopez"]
[Site "Villa Martelli"]
[Date "2006.07.26"]
[Round "3"]
[White "Scarella, Enrique"]
[Black "COMP ZAP!Chess"]
[Result "1/2-1/2"]
[WhiteElo "2348"]
[BlackElo "2600"]
[Annotator "Roberto G Alvarez"]
[PlyCount "126"]
[EventDate "2006.07.24"]

1. d4 Nf6 2. Nf3 g6 3. c4 d6 4. Nc3 Bg7 5. e4 O-O 6. Be2 e5 7. dxe5 {La variant
e del cambio contra la India del Rey me parece otra buena eleccion para
neutralizar el poderio tactico de la computadora.} 7... dxe5 8. Qxd8 Rxd8 9.
Bg5 Rf8 (9... Re8 10. O-O-O Na6 11. Nxe5 $16) (9... Na6 $5 10. Nxe5 $1 $14 (10.
Nd5 $6 Rd6 11. Bxf6 Bxf6 12. b4 Bd8 $1 $15)) 10. O-O-O (10. Nd5 Nxd5 11. cxd5
c6 12. Bc4 b5 13. Bb3 Bb7 14. Rc1 a5 15. a3 a4 16. Ba2 Rc8 17. Be3 b4 18. axb4
a3 19. bxa3 Rxa3 20. Bb1 cxd5 21. Rxc8+ Bxc8 22. exd5 Ba6 $1 $146 23. Kd2 Nd7
24. Rc1 Bf8 25. Rc7 (25. Bc5 $4 Nxc5 26. bxc5 Bh6+) 25... Bxb4+ 26. Kc1 Nf6 27.
Bd2 $2 (27. Bh6 Rc3+ (27... Nxd5 $4 28. Rd7) 28. Rxc3 Bxc3 29. Ba2 (29. d6 Bb4
30. Nxe5 Bxd6 $11) 29... Bb7 (29... e4 $2 30. Ng5 Ng4 31. Nxe4) 30. Kc2 Bxd5 (
30... Ba1 31. d6) 31. Kxc3 Bxa2 32. Nxe5 $11) 27... Bxd2+ 28. Kxd2 Nxd5 29. Ra7
f6 $17 30. h4 Ra1 31. Ra8+ (31. Bd3 Ra2+ 32. Kc1 Nb4 $17) 31... Kg7 32. Rb8 Ra4
$1 33. Rd8 Nb6 34. Bc2 Ra3 35. Kc1 Ra1+ 36. Bb1 (36. Kb2 Rf1) 36... Bb7 $1 $19
37. Rb8 Bxf3 38. gxf3 Nc4 39. Rb7+ Kh6 40. Rf7 Na3 41. Kb2 Rxb1+ 42. Kxa3 f5 {
0-1 Staniszewski,P-Socko,B/Polska 82/503 2001/[Socko,B] (42)}) 10... Nc6 (10...
Nbd7 11. Ne1 $6 (11. Nd5 Nxd5 $11 (11... c6 $2 12. Ne7+ Kh8 13. Rd6 $16)) 11...
Nc5 $36 12. f3 c6 13. Nc2 Ne6 14. Be3 Nh5 15. Rd2 Nd4 $15 {[><d4]} 16. Rhd1 Nf4
17. Bf1 Nfe6 18. Kb1 f5 19. Ne1 (19. Ne2 fxe4 20. fxe4 Nc5 21. Ng3 Bg4 22. Re1
Rad8 $17) 19... Rf7 20. Nd3 Bd7 $6 (20... f4 21. Bf2 Rb8 22. Ne2 c5 23. Nc3 a6
{/\ b5-/+}) 21. exf5 gxf5 22. f4 e4 23. Ne5 Bxe5 24. fxe5 c5 25. Nd5 $2 f4 $1
26. Bxd4 Nxd4 27. Nf6+ Rxf6 $19 28. exf6 Rf8 29. Rxd4 cxd4 30. Rxd4 Bc6 31. Rd6
Kf7 32. b4 e3 33. Kc1 Kg6 34. Kd1 Rxf6 35. Rd4 Kf5 36. Ke1 Ke5 37. Rd3 Be4 38.
Ra3 Kd4 39. Rxa7 Rg6 40. c5 Bxg2 41. Ra8 {
0-1 Heggheim,B-Westerinen,H/Hammerfest 24/645 1977/[Westerinen,H] (41)}) 11. h3
{'='} (11. Kb1 Bg4 12. Rd3 Bxf3 13. Bxf3 Nd4 14. Nb5 Ne6 15. Bxf6 Bxf6 16. Rd7
c6 17. Nc3 Nc5 18. Rd2 Bg5 19. Rdd1 Rfd8 20. Rxd8+ Rxd8 21. Rd1 Nd3 22. Rf1 Be7
23. a3 Bc5 24. Rd1 Bb6 25. Kc2 Nxf2 26. Rxd8+ Bxd8 27. Kd2 h5 28. Nd1 Ng4 29.
Bxg4 hxg4 30. Nf2 f5 31. Nd3 Bc7 32. Nc5 b6 33. Ne6 Bd6 34. b4 Be7 35. Nc7 Kf7
36. c5 bxc5 37. b5 Bd6 38. b6 axb6 39. Na8 b5 40. Nb6 Bc7 41. Nd7 c4 {
0-1 Bellon Lopez,J-Oll,L/Oviedo 1993/CBM 038 ext (41)}) 11... Be6 (11... a6 12.
g4 Be6 13. Rhe1 Nd7 14. Nd5 Bxd5 15. cxd5 Nd4 16. Nxd4 exd4 17. f4 c5 18. Bf3
h6 19. Be7 Rfe8 20. Bd6 g5 21. e5 gxf4 22. e6 Nf8 23. Rd2 Rad8 24. Bc7 Rc8 25.
Bxf4 b5 26. g5 Ng6 27. Bh5 Kh7 28. Bxg6+ Kxg6 29. gxh6 Bf8 30. Rg2+ Kh7 31. e7
Bxe7 32. Rge2 {1-0 Baena Canadas,J-Somalo Fernandez,M/Cala Galdana 1999 (32)})
12. Rhe1 $146 (12. Rd2 Nh5 13. Nd5 Rfc8 14. g4 Nf4 15. Nxf4 exf4 16. Bxf4 Na5
17. b3 c5 18. Ng5 Nc6 19. Nxe6 fxe6 20. Rd7 Nd4 $10 21. Bd1 b6 22. h4 a6 23. h5
Rf8 24. Be3 Rfd8 25. Rxd8+ Rxd8 26. hxg6 hxg6 27. Rh2 b5 28. f4 Rb8 29. e5 bxc4
30. bxc4 Rb4 31. Rb2 Rxb2 32. Kxb2 g5 33. Kc3 Nc6 34. fxg5 Bxe5+ {
1/2-1/2 Vaughan,D-Hardy,R/Newport 1997/EXT 99 (34)}) (12. Be3 Rad8 13. a3 h6
14. b4 a5 15. b5 Nd4 16. Nxd4 exd4 17. Bxd4 Rxd4 18. Rxd4 Ng4 19. Bxg4 Bxd4 20.
Bxe6 fxe6 21. Nd1 Bc5 22. a4 Rd8 23. Nb2 Ba3 24. Kc2 Rd4 25. f3 Bxb2 26. Kxb2
Rxc4 27. Kb3 Rb4+ 28. Ka3 Rd4 29. Rc1 Rd7 30. Kb3 Kf7 31. Rc5 Ke7 32. f4 Kd8
33. Re5 Rd6 34. Kc4 Kd7 35. f5 exf5 36. exf5 h5 37. h4 gxf5 38. Rxf5 Rg6 39.
Rxh5 Rxg2 40. Kd5 Rd2+ 41. Ke5 Re2+ 42. Kf6 Kd6 43. Rf5 Re4 44. h5 Rxa4 45. h6
Rh4 46. Kg6 a4 47. h7 Rxh7 48. Kxh7 a3 49. Kg6 a2 50. Rf1 Kc5 51. Ra1 Kxb5 52.
Rxa2 Kc4 53. Rc2+ Kd4 54. Rxc7 b5 55. Rb7 {
1-0 Wang Yue-Bologan,V/Moscow 2006 (55)}) 12... Rac8 13. Bf1 h6 14. Be3 Rfe8
15. Rd2 g5 16. Red1 Bf8 17. Ne1 Bb4 18. f3 Bxc3 19. bxc3 Na5 20. c5 Bc4 21. Nd3
Kg7 22. Bf2 Rcd8 23. Bg3 Nc6 24. Bh2 Ba6 25. Be2 h5 26. Nb4 Bxe2 27. Rxe2 Rxd1+
28. Kxd1 Na5 29. Nd5 Nxd5 30. exd5 f6 31. Kc1 Rd8 32. Rd2 Nc4 33. Rd3 b5 34.
Bg1 a6 35. Kc2 Kf7 36. Kb3 Re8 37. a4 e4 38. fxe4 Rxe4 39. axb5 axb5 {#} 40. c6
$1 {Buena defensa de las blancas. El rey necesita una ruta de escape ante la
amenaza ...Re2-b2} 40... Re2 41. Kb4 Rb2+ 42. Kc5 Rxg2 43. d6 $1 {Jugado con
co tiempo y mucha sangre fria, pero es la unica defensa para las blancas.}
43... Nxd6 {#} (43... cxd6+ 44. Kxb5) 44. Rxd6 $1 Rxg1 (44... cxd6+ $2 45. Kxd6
(45. Kb6 Rc2 46. c7 Rxc3 47. Kb7)) 45. Rd7+ Ke6 46. Rxc7 Rc1 47. Kd4 $1 Kd6 48.
Rf7 {Correcto. Las blancas sacrifican el peon c6 para capturar material en el
flanco rey.} 48... Rd1+ 49. Ke4 Kxc6 50. Rxf6+ Rd6 51. Rf5 Rg6 52. Kf3 g4+ 53.
hxg4 hxg4+ 54. Kg3 {A pesar del peon de ventaja para las negras, este final
debe ser tablas, ya que el rey negro no puede pasar.} 54... Kb6 55. Re5 Rg8 56.
Re6+ Kc5 57. Re4 $1 Rg5 58. Rf4 Rg8 59. Re4 Rg5 60. Rf4 Rg6 61. Re4 Rg8 62. Rf4
Rg5 63. Re4 Rg6 {Buena defensa de "Quique" Scarella y un merecido empate, que
seguramente le dara fuerzas para remontar un comienzo de torneo adverso.}
1/2-1/2

[Event "ITT Vicente Lopez"]
[Site "Villa Martelli"]
[Date "2006.07.27"]
[Round "4"]
[White "COMP ZAP!Chess"]
[Black "Real de Azua, Ernesto"]
[Result "1-0"]
[WhiteElo "2600"]
[BlackElo "2378"]
[Annotator "Roberto G Alvarez"]
[PlyCount "73"]
[EventDate "2006.07.24"]

1. c4 Nf6 2. d4 e6 {Nisipeanu,L.-D; Stoica,V: *} 3. Nc3 Bb4 4. e3 b6 5. Bd3 Bb7
6. Nf3 O-O 7. O-O d5 {Kasimdzhanov,R: *} (7... c5 8. Na4 cxd4 9. exd4 Re8 10.
a3 Bf8 11. b4 a5 $5 12. b5 (12. c5 axb4 13. Nxb6 Ra7 14. Bb5 Bc6 $11) (12. Be3
axb4 13. axb4 Bxb4 14. Qb3 Ba5 15. d5 exd5 16. c5 d4 17. Nxd4 Bd5 18. Bc4 Bxc4
19. Qxc4 bxc5 20. Nxc5 $11) 12... d6 13. Nd2 $5 $146 (13. Re1 Nbd7 14. Bb2 Rc8
15. Rc1 d5 $5 $13 (15... Rc7 16. Bb1 Qa8 17. d5 $14)) 13... Nbd7 14. Nb3 {
[><c5]} 14... e5 15. Bb2 Rc8 16. Re1 g6 17. c5 $6 (17. Bf1 Qc7 $13) 17... dxc5
$1 (17... bxc5 $6 18. Bc3 cxd4 19. Bxa5 Qe7 20. Nxd4 $14) 18. dxe5 c4 19. exf6
Rxe1+ 20. Qxe1 cxd3 $17 {Hernandez,R-Nisipeanu,L/Merida (m/1) 89/(461) 2003/
[Nisipeanu,L.-D; Stoica,V] (20)}) 8. cxd5 (8. a3 Be7 {Ue 11/506}) 8... exd5 9.
Bd2 (9. Ne2 Nbd7 10. b3 Bd6 11. Ng3 g6 12. Bb2 Qe7 13. Rc1 a6 $5 14. Qc2 $146
Rfc8 (14... Rfe8 $2 15. Ne5 $1) 15. Rfd1 Ne4 16. Bxe4 dxe4 17. Ne5 $1 (17. Nd2
Bxg3 $1 18. hxg3 Bd5 $15) 17... Nxe5 18. dxe5 Bxe5 19. Bxe5 (19. Rd7 $2 Qxd7
20. Bxe5 Qe7 21. Qb2 c5) 19... Qxe5 20. Rd7 Bd5 $1 {
1/2-1/2 Jussupow,A-Kasimdzhanov,R/Essen 84/(450) 2002/[Kasimdzhanov,R] (20)} (
20... Qe6 $2 21. Qd2 Bc6 22. Rd4 Bb7 23. Ne2 Qe5 24. Rd1 $44) (20... Bd5 21.
Rxc7 Rxc7 22. Qxc7 Qxc7 23. Rxc7 a5 $1 24. Ne2 a4 25. bxa4 Bxa2 (25... Rxa4
$145 $5 26. Nc3 Ra5) 26. Nc3 Bb3 27. g4 f5)) 9... a6 $6 (9... Nbd7 $142 10. Qa4
$146 (10. Qc2 c5 (10... a6 11. Ne5 Nxe5 $146 12. dxe5 Ne4 $1 13. Bxe4 (13. Nxe4
$2 dxe4 14. Bxb4 exd3 $17) (13. Rfd1 Bxc3 14. Bxc3 Qe7 $11) (13. Be1 Bxc3 14.
bxc3 Qe7 (14... Qg5 15. f3 Qxe3+ 16. Kh1 $36) (14... h6 $5 15. f3 Nc5) 15. f3
Nc5 16. Bxh7+ Kh8 17. Qf5 g6 18. Qh3 Kg7 19. f4 Bc8 $13) 13... dxe4 14. Rfd1
Bxc3 $1 (14... Qe7 $2 15. Nd5 $1 Bxd5 16. Bxb4 Qxb4 17. Rxd5 $16) (14... Qg5
15. Ne2 $1 (15. Nxe4 Qxe5 16. Bxb4 Bxe4 $11) 15... Bxd2 16. Qxc7 Ba5 17. Qxb7
$14) 15. Bxc3 Qe7 16. Rd2 Rad8 17. Rad1 a5 18. h3 h6 19. a3 Rfe8 $11 {
Jussupow,A-Dautov,R/Dresden (zt) 72/491 1998/[Dautov,R] (19)}) 11. Ne5 Nxe5 12.
dxe5 Ne4 $11) (10. Rc1 a6) 10... Bd6 11. Ba6 Qc8 12. Bxb7 Qxb7 $11 13. Rac1 c6
14. Ne2 Rac8 15. Ng3 Rfe8 16. Bb4 c5 17. dxc5 bxc5 18. Bc3 Bxg3 19. hxg3 Ne4
20. Rfd1 Nxc3 21. bxc3 Nb6 22. Qc2 Qc6 {
1/2-1/2 Najdorf,M-Unzicker,W/Hastings 13/625 1971/[Matanovic,A] (22)}) 10. Ne5
$1 (10. Rc1 Bd6 11. Ne5 c5 12. f4 Nc6 13. Ne2 Ne4 14. Be1 Ne7 15. Ng3 cxd4 16.
exd4 Rc8 17. Rxc8 Qxc8 18. f5 f6 19. Nxe4 Bxe5 20. dxe5 dxe4 21. Bb4 exd3 22.
Bxe7 Rf7 23. Ba3 fxe5 24. Qxd3 e4 25. Qb3 h6 26. Qxb6 Qc6 27. Qxc6 Bxc6 28. Bc5
Bd7 29. g4 h5 30. h3 hxg4 31. hxg4 g6 32. fxg6 Rxf1+ 33. Kxf1 Kg7 34. g5 Kxg6
35. Be3 a5 36. b3 Be6 37. Ke1 a4 38. bxa4 Kf7 39. a5 Ke8 40. a6 Kd7 41. g6 Kc7
42. Ba7 Bc4 43. g7 Bxa2 44. Kd2 Kc6 45. Be3 Kc7 46. Kc3 Kb8 47. Kb4 Ka8 48. Kb5
Bg8 49. Kc6 Ba2 50. Kd6 Bb3 51. Ke5 Ba2 52. Kxe4 Bb3 53. Ke5 Ba2 54. Kd6 Bb3
55. Ke7 Ba2 56. Kf8 Bb3 57. g8=Q Bxg8 58. Kxg8 Kb8 59. Kf7 {
1/2-1/2 Skembris,S-Logothetis,S/Porto Hydra 2005 (59)}) 10... Nbd7 (10... Bd6
11. f4 c5 12. Rf3 (12. Qf3 cxd4 (12... Nc6 13. Be1 (13. Qh3 g6 14. Rad1 cxd4
15. Nxc6 Bxc6 16. exd4 Ne4 17. Bxe4 dxe4 18. f5 Ra7 19. d5 Bc5+ 20. Kh1 Bb5 21.
Rf4 f6 22. fxg6 hxg6 23. Rh4 f5 24. Rh8+ Kf7 25. Rh7+ Kf6 26. Bg5+ {
1-0 Milos,G-Kunte,A/New Delhi/Teheran 2000/CBM 080 (26)}) 13... cxd4 14. Nxc6
Bxc6 15. exd4 Re8 16. Bh4 Be7 17. Rfd1 Ne4 18. Bxe7 Qxe7 19. Bxe4 dxe4 20. Qe3
Bb5 21. Nxb5 axb5 22. d5 Qd6 {
1/2-1/2 Donner,J-Bobotsov,M/Leipzig 1960/EXT 99 (22)}) 13. exd4 Nc6 14. Be3 b5
15. Rad1 Rc8 16. Bb1 Na5 17. Bf2 b4 18. Na4 Ne4 19. Qh3 Qc7 20. Nc5 Bxc5 21.
dxc5 Rcd8 22. Be3 Rfe8 23. b3 f6 24. Bxe4 dxe4 25. Ng4 Nc6 26. Nf2 Bc8 27. Qh5
g6 28. Qe2 Qe7 29. Rxd8 Qxd8 30. Rd1 Qe7 31. Rd6 Bb7 32. Ng4 Rf8 33. Qd2 Ba8
34. Qb2 Qg7 35. Nxf6+ Kh8 36. g4 Bb7 37. g5 Ba8 38. Rd7 Rf7 {
1-0 Schmidt,W-Liao,Y/Thessaloniki 1984/EXT 97-B (38)}) 12... Nbd7 (12... Nc6
13. Rh3 g6 14. Qf3 cxd4 15. Nxc6 Bxc6 16. exd4 Re8 17. f5 Ne4 18. fxg6 hxg6 19.
Rf1 Ra7 20. Bxe4 dxe4 21. Qf2 Bf8 22. d5 Bc5 23. Be3 Bxe3 24. Qxe3 Bd7 25. Rg3
Bb5 26. Rf4 Bd3 27. Nxe4 Bxe4 28. Rxe4 Rxe4 29. Qxe4 Re7 30. Qd4 Qd6 31. Rc3
Re1+ 32. Kf2 Re8 33. h3 Rd8 34. Rd3 Rc8 35. Re3 Rc2+ 36. Kf3 Qd7 37. Re5 Qb5
38. Kg3 Rc4 39. Qf2 Kg7 40. Kh2 Rc7 41. Rg5 Qc5 {
1/2-1/2 Gligoric,S-Bobotsov,M/Belgrade 1961/EXT 99 (41)}) 13. Rh3 g6 14. Qf3 b5
15. Rf1 b4 16. Qg3 Bxe5 17. dxe5 bxc3 18. Bxc3 d4 19. exd4 cxd4 20. Bxd4 Nb6
21. Bc5 Nfd7 22. Bxf8 Nxf8 23. f5 Qd4+ 24. Kh1 Be4 25. e6 Bxd3 26. exf7+ Kg7
27. Qxd3 Qxd3 28. Rxd3 Nc4 29. fxg6 hxg6 30. Rc3 Ne5 31. Rc7 Rb8 32. b3 Rd8 33.
h3 Rd6 34. a4 Rb6 35. Rc3 Rb7 36. a5 Rb5 37. b4 Rxb4 38. Rc5 Nc4 39. Kh2 Ne3
40. Rf3 Nf5 41. Rf2 Ra4 42. Rb2 Kxf7 43. Rb7+ Kf6 44. Rb6+ Ne6 45. Rxa6 Ra2 46.
Rc1 Kf7 47. Rf1 Nc5 48. Rc6 Rxa5 49. g4 Ne6 50. gxf5 gxf5 51. Rf2 Re5 52. Kg3
Re3+ 53. Kh4 Kf6 54. Ra6 Kg6 55. Rg2+ Kf6 56. Rg3 Re4+ 57. Kh5 Ke5 58. Ra5+ Kf4
59. Rg1 Nd4 60. Ra4 Ke5 61. Rg8 Ne6 62. Rxe4+ fxe4 63. Kg4 Kd4 64. Kf5 Nc5 65.
Rd8+ Kc3 66. Re8 Kd3 67. h4 {
1-0 Galliamova,A-Bojkovic,N/Belgrade 1996/EXT 97 (67)}) 11. f4 c5 $6 (11... Bd6
) 12. a3 Bxc3 13. Bxc3 Ne4 {#} 14. Nxd7 $1 Qxd7 15. Bxe4 dxe4 16. dxc5 Qxd1 17.
Rfxd1 bxc5 18. Ba5 $1 $16 {#} 18... Rfc8 19. Rac1 Rab8 20. Rd6 h6 21. f5 Rc6
22. Rxc6 Bxc6 23. Rxc5 $18 Bb5 24. h3 Rb7 25. Bc3 Rd7 26. g4 Kh7 27. Bd4 f6 28.
Kg2 h5 29. Kg3 hxg4 30. hxg4 Rb7 31. Kf4 Bd3 32. g5 fxg5+ 33. Kxg5 Be2 34. Kf4
Bd3 35. Rc1 Kg8 36. Rc8+ Kf7 $2 37. Bc5 (37. Bc5 g6 38. Rh8 Rxb2) 1-0